000
00320 a2200157 4500
001
61412
020
_a
9788576762478
040
_c
Anchieta - Pituba
100
_a
Stine, R. L.
240
1
0
_a
Goosebumps
_l
por
245
1
0
_a
Goosebumps
300
_a
112
362
0
_a
2007
650
4
_a
Literatura juvenil
942
_c
BK
999
_c
61412
_d
61412